000 00952nam a2200313 b 4500
001
003 DO-SdBNP
005 20230303084613.0
008 070718s2011 sp mx ||| ||spa
015 _a
017 _a
_b
020 _a 9789870402176
035 _a
040 _aBPMSU
_bspa
_cBPMSU
_e
082 4 _aA863.6
_bC827c 2011
_222
100 1 _aCortázar, Julio
_d1914-1984
243 1 0 _a
245 1 0 _aCasa tomada y otros cuentos /
_cJulio Cortázar ; [prólogo, Luisa Valenzuela ; estudio, Aníbal Jarkowski ; selección de textos, María Cristina Pruzzo
_h
260 _aMéxico :
_bAlfaguara,
_c2011
300 _a188 p. ;
_c20 cm
490 0 _aAlfaguara;
_a Serie roja.
590 _aInventariado, 2023/VM
650 4 _aCuentos argentinos
650 4 _aLiteratura argentina
700 1 _aPruzzo, María Cristina
700 1 _aValenzuela, Luisa
_eprólogo
910 _aVMateo V. Control de calidad (BPMSU)
942 _2ddc
_cBK
999 _c10618
_d10618